000
00288nam a22001337a 4500
008
181205b xxu||||| |||| 00| 0 eng d
020
_a
9780395902110
041
_a
eng
080
_a
821
100
_a
25
101
_a
GJU
245
_a
Student Dictionary
_c
Mifflin.H
942
_2
udc
_c
BK
999
_c
52900
_d
52900